000 00307nam a22001337a 4500
020 _a0-00-674515-6
082 _a823
_bANDE/H
100 _aANDERSON,SCOULAR
245 _aHARRY MOVES HOUSE
246 _aHARRY MOVES HOUSE
_bHARRY MOVES HOUSE
260 _aLONDON
_bCOLLINS
_c1993
300 _a64
942 _cBK
999 _c8525
_d8525